Les glaciers du massif du Mont Blanc - Statistiques

Statistiques générales
  • Ce quiz a été pris 23 fois
  • Le résultat moyen est 12 sur 48
Statistiques - réponses
Volume (km³) Glaciers Pays % Correct
1,500 Mer de Glace France
100%
0,327 Glacier d'Argentière France
79%
0,028 Glacier des Bossons France
74%
0,250 Glacier du Tour France
58%
0,180 Glacier de Taconnaz France
53%
0,082 Glacier de Leschaux France
47%
0,085 Glacier du Trient Suisse
47%
0,045 Glacier de l'A Neuve Suisse
42%
0,295 Glacier des Grands Suisse
42%
0,023 Glacier de Talèfre France
42%
0,500 Glacier du Mont Blanc Italie
42%
0,220 Glacier de Bionnassay France
37%
0,160 Glacier d'Orny Suisse
37%
0,085 Glacier du Dolent Suisse
37%
0,380 Glacier du Miage Italie
37%
0,170 Glacier du Tacul France
37%
0,150 Glacier de la Brenva Italie
32%
0,500 Glacier de Miage France
32%
0,116 Glacier des Glaciers France
32%
0,800 Glacier de Tré-la-Tête France
32%
0,120 Glacier de la Lex Blanche Italie
26%
0,120 Glacier de Saleinaz Suisse
26%
0,010 Glacier de Triolet Italie
26%
0,080 Glacier du Brouillard Italie
26%
0,185 Glacier du Chardonnet France
26%
0,060 Glacier des Périades France
21%
0,020 Glacier de Planpincieux Italie
16%
0,018 Glacier des Améthystes France
16%
0,021 Glacier de Blaitière France
11%
0,120 Glacier de Frêney Italie
11%
0,090 Glacier de Pré de Bar Italie
11%
0,170 Glacier des Grandes Jorasses Italie
11%
0,064 Glacier des Rognons France
11%
0,120 Glacier du Dôme Italie
11%
0,100 Glacier du Milieu France
11%
0,250 Glacier de Bionnassay Italien Italie
5%
0,120 Glacier de Frébouze Italie
5%
0,050 Glacier de la Charpoua France
5%
0,020 Glacier de la Pendant France
5%
0,430 Glacier des Nantillons France
5%
0,040 Glacier des Pèlerins France
5%
0,004 Glacier de Tête-Rousse France
5%
0,045 Glacier du Nant Blanc France
5%
0,041 Glacier de Gruetta Italie
0%
0,051 Glacier d'Estellette Italie
0%
0,400 Glacier de Toule Italie
0%
0,034 Glacier de Treutsebo Suisse
0%
0,046 Glacier du Tour-Noir France
0%
Aucun quiz correspondant
Distribution des résultats
% des personnes avec chaque résultat
Percentile par nombre de réponses
Votre historique - résultats
Vous n’avez pas pris ce quiz